Reflections on missionary historiography (Registro nro. 70652)
[ vista simple ]
| 000 -LÍDER | |
|---|---|
| Campo fijo de descripción fija | 01593nab a2200253 i 4500 |
| 001 - NÚMERO DE CONTROL | |
| Campo de control | 768714001 |
| 003 - IDENTIFICADOR DEL NÚMERO DE CONTROL | |
| Campo de control | CO-MdFUSB |
| 005 - FECHA Y HORA DE LA ULTIMA TRANSACCIÓN | |
| control field | 20240731151632.0 |
| 008 - ELEMENTOS DE LONGITUD FIJA -- INFORMACIÓN GENERAL | |
| Campo fijo de descripción fija -- Información general | 240731t1989 -us||||| |||| 00| 0 eng d |
| 040 ## - FUENTE DE CATALOGACIÓN | |
| Idioma de catalogación | spa |
| Agencia que realiza la transcripción | CO-MdFUSB |
| Agencia que realiza la modificación | CO-MdFUSB |
| 041 ## - CÓDIGO DE IDIOMA | |
| Código de idioma para texto/pista de sonido o título separado | eng |
| 100 ## - ASIENTO PRINCIPAL--NOMBRE PERSONAL | |
| Nombre personal | Sharpe, Eric J., |
| Término relacionador | autor |
| 245 ## - TÍTULO | |
| Título | Reflections on missionary historiography |
| Mención de responsabilidad | / Eric J. Sharpe |
| 520 ## - NOTA DE RESUMEN, ETC. | |
| Nota de sumario, etc. | El relato de Lucas sobre el ministerio de Jesús y el desarrollo del cristianismo desde Jerusalén hasta Roma ha hecho de la historia misionera un componente crucial de la literatura cristiana. La actividad misionera, la plantación de iglesias y el desarrollo temprano son los componentes principales de cómo se forma la historia de la Iglesia. <br/>En este artículo, el autor se centra en la transmisión del evangelio, con la plantación de iglesias y con períodos más largos o más cortos de crecimiento inicial, eventualmente la historia misionera pasa a la historia de la iglesia, centrándose no solo en el mensaje cristiano tal como se entrega, sino también en el mensaje recibido (o no recibido, según sea el caso). |
| 546 ## - NOTA DE IDIOMA | |
| Nota de idioma | Texto en inglés. |
| 630 07 - PUNTO DE ACCESO ADICIONAL DE MATERIA - TÍTULO UNIFORME | |
| Título uniforme | Biblia. |
| Parte o sección de la obra | Nuevo Testamento |
| 650 #7 - ASIENTO SECUNDARIO DE MATERIA - TERMINO TEMÁTICO | |
| Término temático o nombre geográfico como elemento de entrada | Hermenéutica bíblica |
| 9 (RLIN) | 7333 |
| 650 #0 - ASIENTO SECUNDARIO DE MATERIA - TERMINO TEMÁTICO | |
| Término temático o nombre geográfico como elemento de entrada | Evangelización |
| 9 (RLIN) | 362 |
| 650 #0 - ASIENTO SECUNDARIO DE MATERIA - TERMINO TEMÁTICO | |
| Término temático o nombre geográfico como elemento de entrada | Misiones |
| 9 (RLIN) | 154 |
| 650 #0 - ASIENTO SECUNDARIO DE MATERIA - TERMINO TEMÁTICO | |
| Término temático o nombre geográfico como elemento de entrada | Historia de la Iglesia |
| 9 (RLIN) | 153 |
| 773 0# - ASIENTO DE ITEM FUENTE | |
| Biblionumber | 49483 |
| Itemnumber | 82887 |
| Otro identificador del ítem | R2715 |
| Título | International Bulletinof Missionary Research |
| Número de control del registro | (CO-MdFUSB)768714001 |
| Número Internacional Normalizado para Publicaciones Seriadas (ISSN) | 0272-6122 |
| Parte(s) relacionada(s) / Volumen., número. (mes año), páginas | Volumen 13, (número 2, 1989), páginas: 76 - 81 |
| Enumeración y primera página | página: 76 |
| 942 ## - TIPO DE MATERIAL (KOHA) | |
| Tipo de Item KOHA | Artículos de Revista |
| 945 ## - INFORMACIÓN LOCAL DEL REGISTRO | |
| Catalogador | Catherine Arias Álvarez - Practicante SENA |
No hay ítems disponibles.
